Global warring (Record no. 65303)

MARC details
000 -LEADER
fixed length control field 01369cam a2200253 4500
001 - CONTROL NUMBER
control field ABS63148
008 - FIXED-LENGTH DATA ELEMENTS--GENERAL INFORMATION
fixed length control field 000000n2000 000 0 eng u
035 ## - SYSTEM CONTROL NUMBER
System control number (Sirsi) u109392
100 ## - MAIN ENTRY--PERSONAL NAME
Personal name Fleming, J
245 ## - TITLE STATEMENT
Title Global warring
260 ## - PUBLICATION, DISTRIBUTION, ETC.
Date of publication, distribution, etc. 2000
490 ## - SERIES STATEMENT
Series statement Law Society's Gazette
Volume/sequential designation 97(42) 2 November 2000, 32-34(3)
520 ## - SUMMARY, ETC.
Summary, etc. Discusses the growth of arbitration in an international context; the International Chamber of Commerce (ICC) court of arbitration recorded a new high of over 500 cases in the last year, and judges are beginning to use arbitration findings in their judgments. The main advantages of arbitration include ease of enforcing, confidentiality and low costs. For foreign parties, international arbitration is also appealing because they can avoid enforcing a civil judgment in local courts which are often strongly influenced by central government. However, problem areas can include conflict and international arbitrators who fail to take the role seriously.
590 ## - LOCAL NOTE (RLIN)
Local note ABS
650 ## - SUBJECT ADDED ENTRY--TOPICAL TERM
Topical term or geographic name entry element INTERNATIONAL ARBITRATION
650 ## - SUBJECT ADDED ENTRY--TOPICAL TERM
Topical term or geographic name entry element LEGAL PROFESSION
650 ## - SUBJECT ADDED ENTRY--TOPICAL TERM
Topical term or geographic name entry element CONFIDENTIALITY
650 ## - SUBJECT ADDED ENTRY--TOPICAL TERM
Topical term or geographic name entry element RUSSIA
650 ## - SUBJECT ADDED ENTRY--TOPICAL TERM
Topical term or geographic name entry element DEVELOPING COUNTRIES
650 ## - SUBJECT ADDED ENTRY--TOPICAL TERM
Topical term or geographic name entry element ICC
650 ## - SUBJECT ADDED ENTRY--TOPICAL TERM
Topical term or geographic name entry element MANAGEMENT-DISPUTE AVOIDANCE, MANAGEMENT AND RESOLUTION-DISPUTE MANAGEMENT AND RESOLUTION-ARBITRATION
690 ## - LOCAL SUBJECT ADDED ENTRY--TOPICAL TERM (OCLC, RLIN)
Topical term or geographic name as entry element Dispute resolution
9 (RLIN) 6236
942 ## - ADDED ENTRY ELEMENTS (KOHA)
Suppress in OPAC 0
Holdings
Withdrawn status Lost status Source of classification or shelving scheme Damaged status Not for loan Home library Current library Shelving location Date acquired Total Checkouts Full call number Barcode Date last seen Copy number Price effective from Koha item type
    Dewey Decimal Classification     London London Journal article 17/11/2000   ABS63148 109392-1001 06/08/2019 1 06/08/2019 Journal article